000 nam a22 7a 4500
999 _c4793
_d4793
003 AKMAL
005 20190429154301.0
008 190429s2011 my a j | 000 1 may d
020 _a9789675595493
090 0 0 _a297.18
_bABD
100 0 _aAbd. Ghani Che Hassan,
_d1970-
_99145
245 1 0 _aPsst... jom solat taubat /
_cAbd Ghani Che Hassan
260 _aIpoh :
_bDarul Mughni,
_c2011
300 _a161ms. :
_bil. ;
_c19cm.
490 1 _aSiri Allah sayang kamu
650 1 0 _aIslamic stories, Malay
_91556
650 2 0 _aDidactic fiction, Malay
_91932
830 0 _aSiri Allah sayang kamu
_99146
942 _2ddc
_cBOOK